logo

Bir Sreshtho Munshi Abdur Rouf Library
Jhenaidah Cadet College

Communist Chaina's Strategy in The Nuclear Era / (Record no. 4759)

MARC details
000 -LEADER
fixed length control field 00652nam a2200241 a 4500
001 - CONTROL NUMBER
JCCL Control Number 4759
003 - CONTROL NUMBER IDENTIFIER
JCCL marc code BD-JhCC
005 - DATE AND TIME OF LATEST TRANSACTION
control field 20171204095752.0
008 - FIXED-LENGTH DATA ELEMENTS--GENERAL INFORMATION
fixed length control field 171203s1962 u |||| || | 001 0 eng d
035 ## - SYSTEM CONTROL NUMBER
system control number (BD-JhCC)4759
040 ## - CATALOGING SOURCE
Original cataloging agency BD-JhCC
Modifying agency BD-JhCC
041 ## - LANGUAGE CODE
Language code of Book eng
082 ## - DEWEY DECIMAL CLASSIFICATION NUMBER
Classification number 951.05
Author mark and Year HSI 1962
100 ## - MAIN ENTRY--PERSONAL NAME
Personal name Hsieh, Alice Langley
245 ## - TITLE STATEMENT
Title Communist Chaina's Strategy in The Nuclear Era /
Statement of responsibility, etc Alice Langley Hsieh
260 ## - PUBLICATION, DISTRIBUTION, ETC. (IMPRINT)
Place of publication, distribution, etc U. S. A.
Name of publisher, distributor, etc A Spectrum Book,
Date of publication, distribution, etc 1962
300 ## - PHYSICAL DESCRIPTION
Pagination 204 p. :
Dimensions 20 cm.
504 ## - BIBLIOGRAPHY, ETC. NOTE
Bibliography, etc Includes Index and Bibliography
650 ## - SUBJECT ADDED ENTRY--TOPICAL TERM
Topical term or geographic name as entry element China
General subdivision Military
650 ## - SUBJECT ADDED ENTRY--TOPICAL TERM
General subdivision Nuclear wartar
942 ## - ADDED ENTRY ELEMENTS (KOHA)
Source of classification or shelving scheme Dewey Decimal Classification
Koha item type Books
Holdings
Source of classification or shelving scheme Damaged status Not for loan Home library Current library Shelving location Date of accession Total Checkouts Full call number Barcode Date last seen Copy number Koha item type
Dewey Decimal Classification     JCC Rouf Library JCC Rouf Library General Stacks 12/03/2017   951.05 HSI 1962 6761 12/03/2017 C-1 Books

JCC Library | Contacts | JCC Home

Last Update on 23 September 2017
Copyright @ 2017-2020 JCC Rouf Library
Rouf Library, Jhenidah Cadet College (JCC), Bangladesh